000 02321nam a2200253 a 4500
001 BRCA_8728
005 20190320210400.0
008 170217s1783----sp-#######---#000-0#spa-#
041 _aspa
044 _asp
084 _aBE77
_b.L36 1783
100 1 _aLampillas, Xavier
_921725
245 1 0 _aEnsayo histórico-apalogetico de la literatura Española contra las opiniones preocupadas de algunos Escritores modernos Italianos
_cDisertaciones del Señor Abate Don Xavier Lampillas; parte segunda de la literatura moderna, tomo tercero; traducida del Italiano al Español por Da. Josefa Amar y Borbon, residente en la Ciudad de Zaragoza, Socia de merito de la Real Sociedad Econòmica Aragonesa de Amigos del País.
260 _aZaragoza
_bEn la Oficina de Blas Miedes
_c1783
300 _a291p. (t.3)
_c19.5 x 15.5 cm.
500 _aCon marca de fuego: “Procedencia de la marca: Colegio de la Santa Cruz de Querétaro(1). Institución: Congregación de Propaganda Fide. Descripción: Cruz franqueada por las sílabas ´CO´ y ´LE´ de Colegio. Figura enmarcada en un círculo que representa el cordón franciscano. Observaciones: Rafael Sala y Carlos Krausse catalogan esta marca junto con una que solo posee la sílaba ´CO´ (consultar BJML-12026) como perteneciente al Colegio de Misioneros de Propaganda Fide, de la Santísima Cruz de Querétaro. David Saavedra por su parte, hace una atribución casi idéntica, salvo que menciona ´de la Cruz de los Milagros de Querétaro´. ------- La colección que comparte esta marca junto con una de menor tamaño se alberga en el Convento de la Santa Cruz en Querétaro. ---------- La marca BEFK-12088 es, seguramente, una mala impronta de esta marca, debido a sus dimensiones. Ubicación de la marca en el libro: Canto superior e inferior”
500 _aEstado físico: presenta lomo semi desprendido, con presencia del pez de plata y no contiene portada
650 1 4 _aLiteratura española
_yObras anteriores a 1800
_zEspaña
_921726
650 1 4 _aLiteratura comparada
_eEspañola e italiana
_921727
700 1 _aAmar y Borbon, Josefa
_etr.
_921728
856 _ahttp://www.marcasdefuego.buap.mx:8180/xmLibris/projects/firebrand/item.jsp?repository=marcas_de_fuego&key=marcas_de_fuego_franciscanas_20161125150959_5ea3.xml&num=147
902 _aCFM
942 _2lcc
_cB
999 _c8380
_d8380